[Event "Asia-ch"]
[Site "Kolkata"]
[Date "2001.08.17"]
[Round "11"]
[White "Wohl, Aleksandar H"]
[Black "Lioe, Dede"]
[Result "1-0"]
[WhiteElo "2371"]
[BlackElo "2402"]
[Annotator "Finkel,A"]
[PlyCount "73"]
[EventDate "2001.08.09"]
[EventType "swiss"]
[EventRounds "11"]
[EventCountry "IND"]
[SourceTitle "CBM 085"]
[Source "ChessBase"]
[SourceDate "2001.11.13"]
[SourceVersion "1"]
[SourceVersionDate "2001.11.13"]
[SourceQuality "1"]

1. Nf3 d5 2. g3 c5 3. Bg2 Nc6 4. d4 Bg4 5. Ne5 Nxe5 (5... Bf5 6. Nxc6 (6. c4 e6
7. Qa4 Nf6 8. Nc3 cxd4 9. cxd5 exd5 10. Nxc6 bxc6 11. Nxd5 $1 Nxd5 12. Qxc6+
Bd7 13. Qxd5 $16 {Teran Alvarez,I-Calzetta,M/Capablanca Mem Mixto 2000}) 6...
bxc6 7. c4 e6 8. Qa4 (8. O-O Nf6 9. cxd5 cxd5 10. Nc3 Be7 11. b3 {1/2-1/2
Buturin,V-Zheliandinov,V/2nd Popel mem 1999}) 8... Qd7 9. dxc5 (9. Be3 Rb8 10.
dxc5 Rxb2 11. Nd2 Nf6 12. Bd4 Rb8 13. Nf3 Qb7 14. O-O $14 {Silva,F-Al Subaihi,
K/Moscow olm 1994}) 9... Bxc5 10. O-O Nf6 11. Nc3 Rb8 12. a3 O-O 13. Rd1 Ng4
14. e3 Qe7 $132 {Roos,D-De Sousa,J/ch-FRA (team) 1999}) 6. dxe5 e6 7. c4 Ne7 8.
O-O $6 {Much more dangerous for black was} (8. Nc3 $1 d4 $2 9. Bxb7 Rb8 10. Nb5
$1 Nc8 11. Bc6+ Ke7 12. Qd2 Bh3 13. Qg5+ f6 14. Qh4 Bf5 15. exf6+ gxf6 16. Bf4
$16 {Kaid,A-Klempt,G/NRW-Liga 9798 1997}) 8... Qd7 9. Nc3 d4 (9... Rd8 $5) 10.
Ne4 Nc6 11. h3 Bf5 12. f4 Be7 13. Nd6+ $6 {This move leads to very complicated
struggle in which, however, black's chanses should be prefered} Bxd6 14. exd6
f6 (14... Qxd6 $6 15. e4 Bg6 16. f5 Qxg3 17. Bf4 Qh4 18. fxg6 $14) 15. e4 $1
Bg6 (15... dxe3 16. Bxe3 b6 17. g4 (17. Qf3 Rc8 18. Rad1 O-O 19. g4 Bg6 20. h4
$14) 17... Bg6 18. f5 exf5 19. gxf5 Bf7 20. Qg4 $36) 16. b4 $5 Nxb4 {So far
black opts for best moves} (16... Qxd6 $6 17. f5 Bf7 18. Qg4 exf5 19. exf5 Bxc4
$13) 17. f5 Bf7 (17... exf5 18. exf5 Bxf5 19. Qf3 $1 Be6 20. Qh5+ Kf8 21. Qxc5
Nc2 22. Rb1 Rc8 $132) 18. e5 $1 {White has to play very creative chess in
order to keep position unclear!} exf5 $5 {Once again it seems that black opts
for the most logical move.} (18... fxe5 19. fxe6 Qxe6 (19... Bxe6 $6 20. Qh5+
Kd8 21. Qxe5 Nd3 22. Bg5+ Kc8 23. Bxb7+ $1 Kxb7 24. Qe4+ Ka6 25. Qxd3 Qxd6 26.
Rab1 $18 {[%csl Ra6]}) 20. a3 Nc6 (20... Qxd6 21. axb4) 21. Bd5 Qxh3 22. Bxf7+
Kd7 $132) 19. exf6 O-O 20. fxg7 Kxg7 21. Bf4 Rae8 {There was no reason not to
take on c4} (21... Bxc4 22. Re1 Rae8 $17) 22. Rb1 Nc6 $6 (22... Bxc4 $1) 23.
Qa4 $44 {Now white seems be doing fine} Re2 $2 (23... Rc8 $5) 24. Qb5 $1 $14 {
[%csl Rb7,Rc5]} Rfe8 (24... Rxg2+ $5 25. Kxg2 b6 $14) 25. Qxb7 Qxb7 26. Rxb7
Nd8 27. Rxa7 $16 Kf6 (27... Ne6 28. Bd5 Kf6 29. a4 Bg8 30. d7 Rd8 31. g4 $16)
28. d7 Rg8 29. Bf3 Rb2 (29... Re7 30. Bd6 Re3 31. Kf2 Bxc4 32. Rc1 Rc3 33. Rxc3
dxc3 34. Bxc5 c2 35. Be3 $18) 30. Re1 Bxc4 31. Re8 $18 Rxa2 (31... Rb1+ 32. Kf2
Rb2+ 33. Ke1 Rb1+ 34. Kd2 Rb2+ 35. Kc1 Rf2 36. Be5+ Kg6 37. Ra6+ $1 $18 {
[%csl Rg8]}) 32. Rxa2 Bxa2 33. Bc7 $1 Kf7 34. Bh5+ Kg7 35. Bxd8 Be6 36. Rxg8+
Kxg8 37. Be8 1-0

[Event "Asia-ch"]
[Site "Kolkata"]
[Date "2001.08.17"]
[Round "11"]
[White "Harikrishna, Pentala"]
[Black "Ghaem Maghami, Ehsan"]
[Result "1/2-1/2"]
[WhiteElo "2522"]
[BlackElo "2509"]
[Annotator "Finkel,A"]
[PlyCount "52"]
[EventDate "2001.08.09"]
[EventType "swiss"]
[EventRounds "11"]
[EventCountry "IND"]
[SourceTitle "CBM 085"]
[Source "ChessBase"]
[SourceDate "2001.11.13"]
[SourceVersion "1"]
[SourceVersionDate "2001.11.13"]
[SourceQuality "1"]

1. d4 Nf6 2. Nf3 c5 3. c3 e6 4. Bf4 Nc6 5. e3 d5 6. Nbd2 Bd6 7. Bg5 (7. Bg3 Qc7
(7... O-O 8. Bd3 Re8 9. Ne5 Bxe5 10. dxe5 Nd7 11. Nf3 Qc7 12. O-O g6 13. h4
Ndxe5 14. Nxe5 Nxe5 15. Qa4 Rf8 $17 {Danielian,E-Rytshagov,M/Cappelle op 1996})
8. dxc5 Bxg3 9. hxg3 e5 10. b4 a5 11. a3 O-O 12. Be2 axb4 13. axb4 Bg4 $44 {
Scalcione,M-Sermek,D/Nova Gorica op 1998}) 7... O-O 8. Bd3 (8. Be2 b6 (8... e5
9. dxe5 Nxe5 10. Nxe5 Bxe5 11. Nf3 Bc7 12. Bxf6 gxf6 13. Qc2 Qe7 14. Bd3 h6 15.
h3 a6 16. O-O $14 {Podvrsnik,M-Sitnik,I/ch-SLO (team) 1999}) 9. O-O Be7 10. Bd3
Bb7 11. Qe2 Nd7 12. Bxe7 Qxe7 13. Rfd1 Rfe8 14. h3 Rad8 $11 {Dambrauskas,
V-Slapikas,V/LTU-ch 1995}) (8. Qb3 a6 9. a4 Re8 10. Be2 h6 11. Bh4 Rb8 12. O-O
b6 13. Rfe1 Bb7 14. Rad1 Qc7 15. Rc1 Ne4 $13 {Ferry,R-Lupu,M/ch-FRA Accession
1999}) 8... e5 $5 {On my opinion this move is the most accurate way to equality
} (8... Re8 9. O-O e5 10. dxe5 Nxe5 11. Nxe5 Bxe5 12. Qc2 h6 13. Bh4 Bd7 14. c4
Bc6 $13 {Kreiderman,C-Urshic,M/EU-chJW U16 1997}) 9. dxe5 Nxe5 10. Nxe5 Bxe5
11. Nf3 ({An attempt to win a pawn with} 11. f4 $6 Bc7 $1 (11... Bd6 $2 12.
Bxf6 Qxf6 13. Qh5 Re8 14. Qxh7+ Kf8 15. Qh8+ Ke7 16. Qh5 $16 {Rojas Sola,
N-Garcia Ilundain,D/Sevilla op 1994}) 12. Bxf6 Qxf6 13. Qh5 g6 14. Qxd5 Rd8 15.
Qxc5 Bb6 16. Ne4 Qh4+ 17. g3 Bxc5 18. gxh4 Bxe3 $15 {would lead to position
with better chanses for black}) 11... Bc7 12. Bc2 Be6 $1 13. Qd3 g6 14. O-O $6
{The only chanse to fight for advantage was} (14. h4 $1 h5 (14... Bf5 $6 15.
Qe2 Bxc2 16. Qxc2 {[%csl Rd5]} Qd6 17. O-O-O {[%cal Gd1d6]} Qe6 (17... Ne4 18.
Bf4 Qe7 19. Bxc7 Qxc7 20. Rxd5 $16) 18. Bxf6 Qxf6 19. Rxd5 $16) 15. O-O-O Kg7
16. Qb5 $36 {[%cal Ge3e4]}) 14... Kg7 15. Rad1 h6 16. Bh4 Qe7 $11 {Now black
has very comfortable position} 17. Qe2 (17. Qb5 b6 18. Qc6 Bd6 19. Bxf6+ Kxf6
20. e4 Rac8 21. Qa4 dxe4 22. Bxe4 Kg7 $13) 17... Rad8 18. Bb3 Rfe8 19. Rfe1 a6
20. a4 g5 $1 21. Bg3 Bxg3 22. hxg3 Bg4 {[%cal Gg4d1]} (22... Ne4 23. Nd2 f5 24.
Nxe4 dxe4 (24... fxe4 25. c4 dxc4 26. Bxc4 Bxc4 27. Qxc4 $13) 25. Bxe6 Qxe6 26.
Rd2 Rd7 27. Red1 Red8 28. Rxd7+ Rxd7 29. Rxd7+ Qxd7 30. Qc4 $11) 23. Rd2 Qc7
24. Qd1 Be6 25. Qc1 b5 26. Bc2 Ne4 $132 1/2-1/2

[Event "EU-ch 3rd"]
[Site "Batumi"]
[Date "2002.06.15"]
[Round "4"]
[White "Sturua, Zurab"]
[Black "Chibukhchian, Artur"]
[Result "1-0"]
[WhiteElo "2565"]
[BlackElo "2379"]
[Annotator "Finkel,A"]
[PlyCount "115"]
[EventDate "2002.06.12"]
[EventType "swiss"]
[EventRounds "13"]
[EventCountry "GEO"]
[SourceTitle "CBM 090"]
[Source "ChessBase"]
[SourceDate "2002.09.20"]
[SourceVersion "1"]
[SourceVersionDate "2002.09.20"]
[SourceQuality "1"]

1. d4 d5 2. Nf3 Nc6 3. Bf4 Bg4 4. Nbd2 e6 5. h3 Bxf3 (5... Bh5 6. e3 Bd6 7. Be2
(7. Bxd6 cxd6 8. Be2 Nf6 9. O-O O-O 10. Ne1 Bg6 11. Bd3 Ne4 12. c3 Rc8 13. a3
Na5 14. Rb1 a6 $13 {Kiriakopoulos,A-Miladinovic,I/Korinthos 1997}) (7. c3 f6 8.
Be2 Nge7 9. Bh2 Bxh2 10. Nxh2 Bxe2 11. Qxe2 O-O 12. f4 e5 $11 {Limp,E-De Souza
Haro,P/Brasilia 2000}) 7... Bxf4 8. exf4 Qd6 9. g3 Nf6 10. c3 O-O 11. Ne5 Bxe2
12. Qxe2 Ne7 13. Nd3 $11 {1/2-1/2 Fancsy,I-Lang,M/Gyula 1997/EXT 2001 (13)}) 6.
Nxf3 Bd6 7. e3 Nge7 (7... Bxf4 8. exf4 Qd6 9. Qd2 Nf6 10. c3 Ne4 11. Qe3 Ne7
$13) 8. Bd3 Ng6 9. Qd2 e5 {After advance of e-pawn black gets very comfortable
position, however he manages to lose an equal endgame.} (9... Nxf4 10. exf4 Qf6
11. g3 Nb4 12. Be2 c5 $11) 10. dxe5 Ngxe5 11. Nxe5 Nxe5 (11... Bxe5 12. Bxe5
Nxe5 13. O-O-O O-O $11) 12. O-O-O Nxd3+ 13. Qxd3 c6 (13... Bxf4 $2 14. exf4 c6
15. Rhe1+ Kf8 16. Qa3+ Kg8 17. Re7 $16) 14. Bxd6 Qxd6 15. e4 Qf4+ 16. Qd2 $5
Qxd2+ 17. Rxd2 O-O-O {After the castle white gets slightly better chances
that's why better looked} (17... dxe4 $5 18. Re1 f5 19. f3 Ke7 20. fxe4 f4 21.
Red1 Rhd8 $11 {with equality.}) 18. exd5 Rxd5 19. Rxd5 cxd5 20. Rd1 Rd8 21. Rd3
Kc7 22. Kd2 Kd6 23. Rg3 g6 24. Ra3 a6 25. Rb3 Rd7 (25... b5 $5) 26. a4 $1 Ke5
27. a5 h5 28. Rb4 g5 29. g3 f6 30. Kd3 Rc7 31. c3 Rd7 32. Ke3 Rc7 33. Kd3 Rd7
34. Ke3 Rc7 35. h4 Rd7 $6 (35... g4 36. f3 gxf3 37. Kxf3 Rc5 38. Rxb7 Rxa5 39.
Rh7 Ra2 40. Rxh5+ Ke6 $11) 36. hxg5 fxg5 37. f4+ gxf4+ $2 (37... Kf5 $1 38.
fxg5 Kxg5 39. Kf3 Re7 $14) 38. Rxf4 $16 {[%cal Ge3f2,Gf2g2,Gg2h3,Gh3h4]} Rg7
39. Kf3 Rg6 40. Rh4 Rg5 41. Rb4 Rg7 42. Kg2 Kd6 43. Kh3 Kc6 (43... Ke5 44. Kh4
Kd6 45. Rf4 $16 {[%csl Rh5]}) 44. Kh4 Rg8 45. Rd4 Rg7 46. Rd3 Rh7 47. Rf3 Kc5
48. Rf5 $18 Kc4 49. Rxh5 Rd7 50. Rh6 d4 51. cxd4 Rxd4+ 52. g4 Kb5 53. Rb6+ Kxa5
54. Rxb7 Ka4 55. Kh5 a5 56. b3+ Ka3 57. Rb5 Rb4 58. Rxa5+ 1-0

[Event "GER-ch 76th"]
[Site "Altenkirchen"]
[Date "2005.02.25"]
[Round "8"]
[White "Hort, Vlastimil"]
[Black "Scheerer, Christoph"]
[Result "1/2-1/2"]
[WhiteElo "2515"]
[BlackElo "2401"]
[Annotator "Finkel,A"]
[PlyCount "64"]
[EventDate "2005.02.18"]
[EventType "swiss"]
[EventRounds "9"]
[EventCountry "GER"]
[SourceTitle "CBM 106"]
[Source "ChessBase"]
[SourceDate "2005.06.06"]
[SourceVersion "1"]
[SourceVersionDate "2005.06.06"]
[SourceQuality "1"]

1. d4 d5 2. Nf3 Nc6 3. Bf4 Bg4 4. Nbd2 e6 5. c3 Bd6 6. Bg3 f5 {[%csl Gg4]} 7.
e3 Nh6 (7... Nge7 8. Qc2 (8. Qb3 O-O 9. Bd3 Rb8 10. Bxd6 Qxd6 11. h3 Bxf3 {
1/2-1/2 Schmidt,L-Raedeker,B/Bad Segeberg 2002/EXT 2003 (11)}) 8... Qd7 9. a3
Nd8 10. c4 Nf7 11. Bd3 Bxf3 12. Nxf3 c6 13. cxd5 cxd5 14. Bxd6 Qxd6 15. Bb5+
$14 {Kargoll,P-Haag,G/Wittlich 1997}) 8. Qb3 (8. Bb5 $6 O-O 9. Bxc6 bxc6 10. c4
c5 $13) 8... Rb8 9. Bxd6 $6 {White should keep slightly better chances anyway,
but i'm quite certain that's the only way to challenge black's set up is by
pushing c4 without trading the bishops.} (9. c4 Bxf3 10. Nxf3 O-O 11. Bxd6 (11.
cxd5 Bb4+ 12. Kd1 exd5 13. Rc1 Kh8 $5 (13... Be7 14. Bd3 Kh8 15. Re1 $14 {
[%cal Ge1e2,Ge2c2]}) 14. Bxc7 Qxc7 15. Qxb4 f4 $132) 11... Qxd6 12. c5 Qe7 13.
Bb5 Nf7 14. O-O $14) 9... cxd6 10. c4 Bxf3 $1 $11 11. gxf3 (11. Nxf3 Qa5+ 12.
Nd2 dxc4 13. Bxc4 d5 14. Be2 f4 $11 {[%cal Ge8g8,Gh8f8,Gh6f5]}) 11... dxc4 12.
Bxc4 d5 13. Bb5 O-O (13... f4 $5 14. Qa4 $6 O-O 15. Bxc6 bxc6 16. Qxc6 Rxb2 17.
Qxe6+ Kh8 $17 {[%csl Re1]}) 14. f4 Na5 15. Qb4 a6 16. Be2 Nc6 17. Qa3 Rc8 18.
Nf3 Qa5+ (18... Nf7) 19. Qxa5 Nxa5 20. Ne5 Nf7 21. Nd7 (21. Nd3) 21... Rfe8 22.
Nc5 Nd6 23. Bd3 Re7 24. Ke2 Kf7 25. Rhc1 Rec7 26. b3 Nc6 27. Kd1 a5 (27... Ne4
28. f3 Nxc5 29. Rxc5 Ke7 30. Rac1 Kd6 31. a3 Rf8 $13) 28. a3 Nb8 29. Na4 Nd7
30. Rxc7 Rxc7 31. Rc1 Rxc1+ 32. Kxc1 b6 1/2-1/2

[Event "BIH-chT"]
[Site "Neum"]
[Date "2002.06.07"]
[Round "8.4"]
[White "Vojinovic, Goran"]
[Black "Kozul, Zdenko"]
[Result "0-1"]
[WhiteElo "2477"]
[BlackElo "2595"]
[Annotator "Finkel,A"]
[PlyCount "46"]
[EventDate "2002.06.02"]
[EventType "team"]
[EventRounds "9"]
[EventCountry "BIH"]
[SourceTitle "CBM 090"]
[Source "ChessBase"]
[SourceDate "2002.09.20"]
[SourceVersion "1"]
[SourceVersionDate "2002.09.20"]
[SourceQuality "1"]
[WhiteTeam "Bijeljina"]
[BlackTeam "Sarajevo Bosna"]
[WhiteTeamCountry "BIH"]
[BlackTeamCountry "BIH"]

1. d4 Nf6 2. Nf3 g6 3. g3 Bg7 4. Bg2 d5 5. O-O O-O 6. Be3 c6 7. h3 (7. Qc1 Bf5
8. Rd1 a5 9. h3 Ne4 10. c4 dxc4 11. Ne5 Nd6 12. Nxc4 Nxc4 13. Qxc4 Be6 14. Qc1
Qc8 $11 {Sherbakov,V-Zakharov,V/Voronezh 1991}) 7... Nbd7 (7... a5 8. Qc1 Re8
9. c4 dxc4 10. Qxc4 h6 11. Qc1 Kh7 12. Nc3 Nbd7 13. Rd1 Nb6 14. Bf4 Nh5 $6 15.
Be5 f6 16. g4 $1 $16 {Sherbakov,V-Kudrin,S/Moscow 1995}) 8. Qc1 Re8 9. Rd1 e5 {
Quite reasonable plan leading to balanced position.} (9... b6 10. Nc3 (10. c4
Bb7 11. Ne5 Rc8 12. Nc3 e6 13. Bg5 Qc7 14. Bf4 Qd8 15. g4 Qe7 $13 {Peric,
S-Martin,J/Cannes 2000}) (10. Bh6 Bh8 11. c4 Bb7 12. Nc3 Rc8 13. Ne5 e6 14. Bg5
Qc7 15. Bf4 Nxe5 16. Bxe5 Qe7 17. b3 Bg7 $11 {Landa,K-Zifroni,D/Biel 1994})
10... Bb7 11. Bh6 Bh8 12. Qf4 Nh5 13. Qd2 e5 14. dxe5 Nxe5 15. Nxe5 Bxe5 16. g4
Ng7 17. e4 d4 18. Ne2 c5 19. f4 $36 {Bryndin,V-Tarasov,M/St Petersburg 2000}) (
9... Ne4 10. Nbd2 Nd6 11. Bf4 e5 12. dxe5 Nxe5 13. Bxe5 Bxe5 14. Nxe5 Rxe5 15.
e3 Qf6 16. c4 Rf5 17. f4 Qe7 $11 {Temirbaev,S-Dvoirys,S/Omsk/Perm 1998}) 10.
dxe5 Nxe5 11. Nxe5 Rxe5 12. c4 Bd7 $5 (12... Rh5 $6 13. cxd5 cxd5 14. h4 Ng4
15. Bd4 Bh6 16. Qc5 Bf8 17. Qb5 b6 18. Nd2 Be6 19. Nf3 $16 {Landa,K-Dvoirys,S/
Leeuwarden 1997}) 13. Bd4 $1 {Temporary pawn sacrfice aiming to gain time for
development.} Rxe2 (13... Re8 14. cxd5 Nxd5 15. Bxg7 Kxg7 16. Nc3 $14) 14. Nc3
Re8 15. cxd5 cxd5 16. Nxd5 Nxd5 (16... Bc6 17. Nxf6+ Bxf6 18. Bxa7 Qa5 19. Bxc6
bxc6 20. Bd4 Bxd4 21. Rxd4 Re2 $14) 17. Bxg7 Kxg7 18. Bxd5 $14 Qf6 $6 {Setting
up a trap, however more accurate was} (18... Qb6 19. Bxf7 Re7 20. Bb3 Bxh3 21.
Qc3+ Qf6 $11 {with equality.}) 19. Bxb7 Rad8 20. Bg2 Re2 21. Qc5 $2 {White
doesn't believe his opponent and gets punished for it.} (21. Qc3 Rxb2 22. Qxf6+
Kxf6 23. Rd6+ Ke7 24. Rad1 Rxa2 (24... Rbb8 25. Ra6 $16) 25. Bc6 Bxc6 26. Rxd8
Bf3 27. R8d2 $1 $14) 21... Rc8 $19 {[%csl Rf2]} 22. Qxa7 (22. Qd4 {[%csl Rd4]}
Re1+ $1 23. Kh2 Qxd4 24. Rxd4 Rxa1 25. Rxd7 Rxa2 $19) 22... Rc7 $1 23. Qd4 Re1+
0-1

[Event "Olomouc Skanska Cup"]
[Site "Olomouc"]
[Date "2004.08.07"]
[Round "4"]
[White "Kunte, Abhijit"]
[Black "Biolek, Richard"]
[Result "1-0"]
[WhiteElo "2532"]
[BlackElo "2451"]
[Annotator "Finkel,A"]
[PlyCount "69"]
[EventDate "2004.08.04"]
[EventType "tourn"]
[EventRounds "11"]
[EventCountry "CZE"]
[EventCategory "9"]
[SourceTitle "CBM 103"]
[Source "ChessBase"]
[SourceDate "2004.11.11"]
[SourceVersion "1"]
[SourceVersionDate "2004.11.11"]
[SourceQuality "1"]

1. d4 g6 2. Nf3 Bg7 3. g3 d5 4. Bg2 c6 5. O-O Nh6 6. Nbd2 Nf5 7. e3 (7. c3 Nd6
(7... O-O 8. e4 dxe4 9. Nxe4 Na6 10. Re1 Be6 11. Qe2 Re8 12. Bf4 Rc8 13. Ne5
Bd5 14. b3 $14 {Sideif Sade,F-Sprecic,M/Pula 1990}) 8. Re1 Bf5 (8... f5 $6 9.
Nb3 Nd7 10. Ng5 Nf8 11. f3 h6 12. Nh3 Nh7 13. Nf4 Kf7 14. Nc5 $14 {Barcza,
G-Tarnowski,A/Munich 1958}) 9. Nh4 Bg4 10. h3 Be6 11. e4 dxe4 12. Nxe4 Nxe4 13.
Rxe4 Nd7 14. Nf3 Bd5 15. Re1 e6 16. Bf4 O-O $11 {Etruk,R-Kortschnoj,V/Moscow
1966}) 7... O-O (7... Nd6 8. Qe2 Bf5 9. c4 dxc4 10. Nxc4 Nxc4 11. Qxc4 Nd7 12.
Rd1 O-O $11) 8. c4 Na6 $6 {The knight has nothing to do on c7, so it was
better to opt for the natural 8...Nd7 intending to bring it to e4.} (8... Nd7
$142 {[%cal Gd7f6,Gf5d6,Gf6e4]}) 9. Qe2 Nc7 (9... dxc4 10. Nxc4 Nd6 11. b3 Nc7
12. Bb2 Bf5 13. Nfe5 $14) 10. Rd1 $14 Nd6 11. b3 e6 (11... Bf5 12. Bb2 Re8 13.
Rac1 a5 $14) 12. e4 f5 $6 {Black is playing in very strange fashion. Closing
the center favours white, because he gets a free hand to act on the queenside.}
(12... dxe4 13. Nxe4 Nxe4 14. Qxe4 Qe7 15. Bf4 $14) 13. e5 Nf7 (13... Ne4 14.
Qe3 h6 15. a4 g5 16. Ba3 Rf7 17. Nxe4 dxe4 18. Ne1 $14) 14. a4 Kh8 (14... a5
15. Ba3 Re8 16. Rac1 g5 17. Ne1 $36) 15. Nf1 Rg8 16. b4 (16. Ne3 $5) 16... dxc4
17. Qxc4 Bd7 $6 ({For some reason black refuses to take the pawn on e5,
choosing to suffer for free.} 17... Nxe5 $8 18. Nxe5 Bxe5 19. b5 cxb5 20. axb5
Bg7 21. Bf4 Nd5 22. Be5 b6 23. Re1 $44) 18. Ne3 $16 Qe7 (18... g5 19. Ne1 Nd5
20. Nd3) 19. Bd2 Rgc8 20. Ne1 {[%cal Ge1d3,Gd3c5]} Nd5 21. Nd3 Qe8 22. Qb3 $1 {
[%cal Ge3c4,Gc4d6,Ga1b1,Gb4b5]} Bf8 23. Rdc1 Be7 24. Nc5 Rab8 25. Rab1 {
Now everything is set up for b5 break.} Nd8 (25... Kg8) 26. b5 Bxc5 (26... cxb5
27. axb5 Nxe3 28. Bxe3 {[%csl Rb7,Re6][%cal Gd4d5]} Bf8 29. Bg5 $18) 27. dxc5
Nf7 $6 (27... Nxe3 $142 28. Bxe3 Nf7) 28. Nc4 $1 $18 cxb5 29. Nd6 bxa4 30. Qb2
Nxd6 31. exd6+ Kg8 32. Bxd5 exd5 33. Re1 Qf8 34. Re7 Bc6 35. Qe5 1-0

[Event "SVK-ch"]
[Site "Kaskady"]
[Date "2002.06.29"]
[Round "3"]
[White "Romanishin, Oleg M"]
[Black "Ftacnik, Lubomir"]
[Result "1-0"]
[WhiteElo "2571"]
[BlackElo "2576"]
[Annotator "Finkel,A"]
[PlyCount "113"]
[EventDate "2002.06.27"]
[EventType "tourn"]
[EventRounds "11"]
[EventCountry "SVK"]
[EventCategory "12"]
[SourceTitle "CBM 090"]
[Source "ChessBase"]
[SourceDate "2002.09.20"]
[SourceVersion "1"]
[SourceVersionDate "2002.09.20"]
[SourceQuality "1"]

1. d4 Nf6 2. Nf3 g6 3. g3 d5 4. c4 (4. Bg2 c6 5. O-O Bg7 6. b3 a5 7. c4 a4 8.
cxd5 Nxd5 9. e4 Nb6 10. Nc3 axb3 11. Qxb3 O-O 12. Be3 Ra6 13. Rfd1 Be6 14. d5
cxd5 $13 {1/2-1/2 Skembris,S-Popovic,P/Bar 1997/CBM 63 (14)}) 4... dxc4 5. Qa4+
Nfd7 (5... Qd7 6. Qxc4 Qc6 7. Na3 (7. Qxc6+ Nxc6 8. Nc3 Bg4 9. Be3 Bxf3 10.
exf3 Nb4 11. Rc1 Nbd5 12. Nxd5 Nxd5 13. Bc4 O-O-O $15 {Catozzi,H-Kinnmark,O/
Hastings 1963}) 7... Qxc4 8. Nxc4 Nc6 9. Bg2 Bg7 10. O-O O-O 11. b3 a5 12. Ba3
Re8 $11 {Egger,B-Schmid,H/Wuerttemberg 1993}) 6. Nbd2 (6. Bg2 Bg7 7. O-O $2 Nc6
8. Qxc4 Nb6 9. Qc2 Bxd4 10. Nxd4 Nxd4 11. Qd2 O-O 12. Rd1 e5 13. e3 Ne6 14. Qc2
Qe7 15. b3 Rd8 16. Ba3 $44 {Gudmundsson,G-Pilnik,H/Amsterdam 1950}) 6... Bg7 7.
Bg2 c5 8. dxc5 Nc6 9. Nxc4 {Nothing promised} (9. Qxc4 Qa5 10. Ng5 Nce5 (10...
O-O $6 11. Nge4 Nce5 12. Qc2 f5 13. Nc3 Nxc5 14. Nb3 Nxb3 15. Qxb3+ $14) 11.
Qh4 h6 12. Nge4 Nc6 $44 {[%csl Rh4][%cal Gc6d4] and black gets good
counterplay for a pawn.}) 9... Nxc5 10. Qa3 Ne6 $6 {Simplier way to equality
was} (10... Nd4 $5 11. Nxd4 (11. Qxc5 $4 Nc2+ 12. Kf1 Qd1+ 13. Ne1 Qxe1#) 11...
Qxd4 12. Be3 Qxc4 13. Bxc5 Qb5 $11) 11. Be3 Bd7 12. O-O b5 13. Ncd2 O-O 14.
Rfd1 Qa5 (14... b4 $6 15. Qb3 a5 16. Nc4 a4 17. Qd3 $16) 15. Qxa5 Nxa5 16. Nb3
$1 Nxb3 17. axb3 {[%csl Ra7][%cal Ga1a7]} Bc6 18. Ng5 $1 {Thanks to this
strong move white keeps slightly better chances in the endgame.} (18. Rxa7 Rxa7
19. Bxa7 Ra8 20. Be3 Bxb2 $11) 18... Bxg2 19. Nxe6 fxe6 20. Kxg2 Rfc8 $2 {
This move is a serious mstake putting black in a danger of losing.} (20... a5
$1 21. Bd4 (21. Ra2 a4 22. bxa4 Rxa4 23. Rxa4 bxa4 $11) 21... Rfc8 22. Bxg7
Kxg7 $11) 21. Rxa7 Rxa7 22. Bxa7 Rc2 $6 (22... Bxb2 23. Rd7 Rc3 24. Rxe7 Rxb3
25. Rxe6 Kf7 26. Rc6 b4 $14) 23. Rd8+ Kf7 24. Rb8 $16 Rxe2 25. Rxb5 Bxb2 26.
Be3 Bc3 27. Rb7 e5 28. Kf3 Rb2 29. Bc1 e4+ (29... Rb1 30. Bg5 Ke6 31. Bxe7 h5
32. b4 Kf5 33. Bc5 $16) 30. Kg2 Ra2 31. Bg5 Bf6 (31... Ke6 $5) 32. Be3 h5 33.
b4 g5 34. b5 g4 $6 {[%csl Rf4]} 35. h3 Kg6 36. Rb8 Kf5 37. b6 Rb2 38. Rc8 Be5
39. Rc5 $5 Ke6 40. Rc6+ Bd6 41. Rc8 Kd5 (41... Kf5 42. Rh8 $18 {[%csl Rh5]})
42. Rh8 $1 Bc5 43. Rxh5+ e5 44. Bxc5 Kxc5 45. Rxe5+ Kd4 46. Re8 gxh3+ 47. Kxh3
Rxb6 48. Rf8 $1 {[%cal Gg3g7]} Ke5 49. g4 Rh6+ 50. Kg3 Rh1 51. Re8+ Kd5 52. g5
Rf1 53. Kg2 Ra1 54. f3 exf3+ 55. Kxf3 Kd6 56. Kf4 Kd7 57. Re4 1-0